Normal view
MARC view
- الخط الديواني-الخط العربي
Entry Topical Term
001 - CONTROL NUMBER
- control field: 10551
003 - CONTROL NUMBER IDENTIFIER
- control field: JO-AjAnu
005 - DATE AND TIME OF LATEST TRANSACTION
- control field: 20230606072007.0
008 - FIXED-LENGTH DATA ELEMENTS
- fixed length control field: 230606|| aca||aabn | a|a d
040 ## - CATALOGING SOURCE
- Original cataloging agency: JO-AjAnu
- Transcribing agency: JO-AjAnu
150 ## - HEADING--TOPICAL TERM
- Topical term or geographic name entry element: الخط الديواني-الخط العربي
670 ## - SOURCE DATA FOUND
- Source citation: Work cat.: (JO-AjAnu)5430: زايد،أحمد صبري, author 10550, أحدث الطرق لدراسة وتحسين الخط الديواني